Исследование морфологии химически осаждённого серебра в трековых мембранах; Перспективы развития фундаментальных наук

Detalhes bibliográficos
Parent link:Перспективы развития фундаментальных наук.— 2008.— С. 73-74
Autor principal: Нестерова Н. А.
Outros Autores: Лидер А. М. (научный руководитель), Асалханов Ю. И.
Idioma:russo
Publicado em: 2008
Assuntos:
Formato: MixedMaterials Capítulo de Livro
KOHA link:https://koha.lib.tpu.ru/cgi-bin/koha/opac-detail.pl?biblionumber=153980

MARC

LEADER 00000naa2a2200000 4500
001 153980
005 20231031151629.0
035 |a (RuTPU)RU\TPU\book\167030 
090 |a 153980 
100 |a 20090219d2008 k y0rusy50 ca 
101 0 |a rus 
102 |a RU 
200 1 |a Исследование морфологии химически осаждённого серебра в трековых мембранах  |f Н. А. Нестерова, А. М. Лидер  |g науч. рук. Ю. И. Асалханов 
320 |a Библиогр.: 3 назв. 
463 0 |0 (RuTPU)RU\TPU\book\161548  |t Перспективы развития фундаментальных наук  |o труды V Международной конференции студентов и молодых ученых, 20-23 мая 2008 г., Томск  |f Томский политехнический университет (ТПУ)  |v С. 73-74  |d 2008  |p 334 с. 
610 1 |a серебро 
610 1 |a трековые мембраны 
610 1 |a химическое осаждение 
610 1 |a морфология 
610 1 |a нанотрубки 
610 1 |a наноматериалы 
610 1 |a наночастицы 
610 1 |a мембраны 
610 1 |a серебряные нанотрубки 
610 1 |a металлические нанотрубки 
610 1 |a поликарбонатные мембраны 
610 1 |a труды учёных ТПУ 
700 1 |a Нестерова  |b Н. А. 
701 1 |a Лидер  |b А. М. 
702 1 |a Асалханов  |b Ю. И.  |4 727 
801 1 |a RU  |b 63413507  |c 20090219  |g PSBO 
942 |c BK